Инновационные технологии в машиностроительном комплексе (Запись № 3354141)

Подробности
000 -МАРКЕР
контрольное поле 02015nam0a2200337 i 4500
001 - ИДЕНТИФИКАТОР ЗАПИСИ
контрольное поле RU\NLR\bibl\1935424
005 - ИДЕНТИФИКАТОР ВЕРСИИ
контрольное поле 20260408081314.0
010 ## - МЕЖДУНАРОДНЫЙ СТАНДАРТНЫЙ НОМЕР КНИГИ (ISBN)
Номер (ISBN) 9785941704156
Тираж 100
021 ## - НОМЕР ГОСУДАРСТВЕННОЙ РЕГИСТРАЦИИ
Код страны российская федерация
Номер 2012-55264
Номер Листа государственной регистраци 4036
035 ## - ДРУГИЕ СИСТЕМНЫЕ НОМЕРА
Идентификатор записи (NLR Aleph) 001924731
100 ## - ДАННЫЕ ОБЩЕЙ ОБРАБОТКИ
Данные общей обработки 20120817d2012 k y0rusy50 ca
101 0# - ЯЗЫК РЕСУРСА
Язык текста, звукозаписи и т.д. русский
102 ## - СТРАНА ПУБЛИКАЦИИ ИЛИ ПРОИЗВОДСТВА
Страна публикации российская федерация
105 ## - ПОЛЕ КОДИРОВАННЫХ ДАННЫХ: ТЕКСТОВЫЕ МАТЕРИАЛЫ, МОНОГРАФИЧЕСКИЕ
Кодированные данные о монографическом текстовом документе a |||||||||
200 1# - ЗАГЛАВИЕ И СВЕДЕНИЯ ОБ ОТВЕТСТВЕННОСТИ
Основное заглавие Инновационные технологии в машиностроительном комплексе
Сведения, относящиеся к заглавию I Международная научно-практическая конференция, г. Пенза, 15-16 декабря 2011 г.
-- сборник трудов
Первые сведения об ответственности [редкол.: Зверовщиков В.З. (гл. ред.) и др.]
210 ## - ПУБЛИКАЦИЯ, РАСПРОСТРАНЕНИЕ И ДР.
Место издания, распространения и т.д. Пенза
Имя издателя, распространителя и т. д. Изд-во ПГУ
Дата издания, распространения и т.д. 2012
215 ## - ФИЗИЧЕСКАЯ ХАРАКТЕРИСТИКА
Специфическое обозначение материала и объем 358, [1] с.
Другие сведения о физической характеристике ил.
Размеры 21
300 ## - ОБЩИЕ ПРИМЕЧАНИЯ
Текст примечания В надзаг.: Правительство Пенз. обл., М-во образования Пенз. обл., ФГУП ФНПЦ "ПО Старт" им. М.В. Проценко", Совет молодых ученых Пенз. обл., Федер. гос. бюджет. образоват. учреждение высш. проф. образования "Пенз. гос. ун-т"
320 ## - ПРИМЕЧАНИЯ О НАЛИЧИИ В ДОКУМЕНТЕ БИБЛИОГРАФИИ / УКАЗАТЕЛЯ
Текст примечания Библиогр. в конце ст.
606 1# - НАИМЕНОВАНИЕ ТЕМЫ КАК ПРЕДМЕТ
Наименование темы Машиностроение
Формальный подзаголовок Съезды, совещания и т.п.
Системный номер авторитетной/нормативной записи 1221571
Идентификатор авторитетной/нормативной записи RU\NLR\auth\66178864
686 ## - ИНДЕКСЫ ДРУГИХ КЛАССИФИКАЦИЙ
Индекс К5я431(0)
702 #1 - ИМЯ ЛИЦА - ВТОРИЧНАЯ ОТВЕТСТВЕННОСТЬ
Начальный элемент ввода Зверовщиков
Часть имени, кроме начального элемента ввода В. З.
Расширение инициалов личного имени Владимир Зиновьевич
Код отношения Редактор
711 12 - НАИМЕНОВАНИЕ ОРГАНИЗАЦИИ - АЛЬТЕРНАТИВНАЯ ОТВЕТСТВЕННОСТЬ
Начальный элемент ввода "Инновационные технологии в машиностроительном комплексе", международная научно-практическая конференция
Порядковый номер временной организации и / или порядковый номер ее части 1
Дата проведения временной организации 2011
Место проведения временной организации Пенза
Идентификатор авторитетной/нормативной записи RU\NLR\AUTH\8810221564
Системный номер авторитетной/нормативной записи 328060
801 #0 - ИСТОЧНИК ЗАПИСИ
Страна российская федерация
Организация NLR
Дата составления 20120817
Правила каталогизации RCR
801 #1 - ИСТОЧНИК ЗАПИСИ
Страна российская федерация
Организация NLR
Дата составления 20120817
830 ## - ОБЩЕЕ ПРИМЕЧАНИЕ, СОСТАВЛЕННОЕ КАТАЛОГИЗАТОРОМ
Текст примечания ред. по базе
942 ## - ДОПОЛНИТЕЛЬНЫЕ ЭЛЕМЕНТЫ ЗАПИСИ (АБИС)
Тип экземпляра АБИС Книга
980 ## - КОЛЛЕКЦИЯ
Название коллекции НБР

Нет доступных экземпляров.